• 首页
  • 本馆介绍
  • 公告通知
  • 最新文献
  • 馆藏检索
  • 电子资源
  • 读者导购
  • 参考咨询
  • 我的图书馆
  • 登录
  • 详细信息显示
  • 放入我的书架
  • 预约/预借图书
  • 作者相关作品
  • 分类相关作品
  • 丛书相关作品
  • 出版社相关作品

书目信息

  • 表格格式
  • 工作单格式
  • 卡片格式
题名:
语言学研究
    
 
作者: 高一虹 主编 ;北京大学 编
分册: 第十六辑  
出版信息: 北京   高等教育出版社  2014
页数: 234页
开本: 24cm
丛书名:
单 册:
中图分类: H0-53
科图分类:
主题词: 语言学--文集
电子资源:
ISBN: 978-7-04-041263-5
000 01011nam0 2200265 450
001 0103396112
005 20150317171118.0
010    @a978-7-04-041263-5@dCNY30.00
100    @a20150126d2014 em y0chiy0120 ea
101 0  @achi@aeng
102    @aCN@b110000
105    @ay z 000yy
106    @ar
200 1  @a语言学研究@9Yu Yan Xue Yan Jiu @f北京大学外国语学院外国语言学及应用语言学研究所编@h第十六辑@b专著
210    @a北京@c高等教育出版社@d2014
215    @a234页@d24cm
304    @a英文共同题名:Linguistic research
314    @a主编:高一虹
330    @a本书分为5个部分:视点专刊稿件、语言学理论研究、具体语言研究、语言应用研究、经典译文。其中收录了《“视点专刊稿件”主持人语》、《汉语零形指代中的模糊性》、《试论俄语的题元与状态元》等文章。
606 0  @a语言学@j文集
690    @aH0-53@v5
701  0 @a高一虹@c(女,@f1959~)@9gao yi hong@4主编
712 02 @a北京大学@9bei jing da xue@b外国语学院@b语言学研究所@4编
801  0 @aCN@bAZmarc@c20230907
905    @aBZT@dH0-53@e1:16@f1@sH0-53/1:16
    
    语言学研究/北京大学外国语学院外国语言学及应用语言学研究所编.第十六辑.-北京:高等教育出版社,2014
    234页;24cm
    
    
    ISBN 978-7-04-041263-5:CNY30.00
    本书分为5个部分:视点专刊稿件、语言学理论研究、具体语言研究、语言应用研究、经典译文。其中收录了《“视点专刊稿件”主持人语》、《汉语零形指代中的模糊性》、《试论俄语的题元与状态元》等文章。
●
相关链接 在五车中查询图书 在当当中查询图书 在豆瓣中查询图书


正题名:语言学研究     索取号:H0-53/1:16         预约/预借

序号 登录号 条形码 馆藏地/架位号 状态 备注
1 2000007516   2000007516   旧书回溯/ [索取号:H0-53/1:16] 在馆    
山东省滨州职业学院图书馆 欢迎您!
大连网信软件有限公司© 版权所有